banner koha

Decomposição e liberação de nutrientes de soja cortada em diferentes estádios de desenvolvimento (Registro n. 187149)

MARC details
000 -LÍDER
campo de controle de tamanho fixo 00967nas a2200325 4500
001 - NÚMERO DE CONTROLE
campo de controle BR0604211
003 - IDENTIFICADOR DO NÚMERO DE CONTROLE
campo de controle BR-BrBNA
005 - DATA E HORÁRIO DA ÚLTIMA TRANSAÇÃO
campo de controle 20231205110355.0
007 - CAMPO FIXO DE DESCRIÇÃO FÍSICA--INFORMAÇÃO GERAL
campo de controle de tamanho fixo ta
008 - CAMPO DE DADOS FIXOS--INFORMAÇÃO GERAL
campo de controle de tamanho fixo 230509b bl.|||p| |||| 00| 00por d
040 ## - FONTE DA CATALOGAÇÃO
Instituição da catalogação original BR-BrBNA
Idioma da catalogação por
Instituição que transcreveu o registro Biblioteca Nacional de Agricultura
041 ## - CÓDIGO DE IDIOMA
Código do idioma do texto/trilha sonora ou título diferente (Pt)
072 ## - CÓDIGO DE CATEGORIA DE ASSUNTO
Código de Categoria de Assunto F04
100 1# - ENTRADA PRINCIPAL--NOME PESSOAL
Nome pessoal Padovan, M.P.
100 1# - ENTRADA PRINCIPAL--NOME PESSOAL
Nome pessoal Almeida, D.L. de
100 1# - ENTRADA PRINCIPAL--NOME PESSOAL
Nome pessoal Guerra, J.G.M.
100 1# - ENTRADA PRINCIPAL--NOME PESSOAL
Nome pessoal Ribeiro, R. de L.D.
100 1# - ENTRADA PRINCIPAL--NOME PESSOAL
Nome pessoal Oliveira, F.L. de
100 1# - ENTRADA PRINCIPAL--NOME PESSOAL
Nome pessoal Santos, L.A.
100 1# - ENTRADA PRINCIPAL--NOME PESSOAL
Nome pessoal Alves, B.J.R.
100 1# - ENTRADA PRINCIPAL--NOME PESSOAL
Nome pessoal Souto, S.M.
245 1# - TÍTULO
Título Decomposição e liberação de nutrientes de soja cortada em diferentes estádios de desenvolvimento
650 ## - ASSUNTO--TERMO TÓPICO
Cabeçalho tópico ou nome geográfico SOJA
650 ## - ASSUNTO--TERMO TÓPICO
Cabeçalho tópico ou nome geográfico NUTRIENTE
650 ## - ASSUNTO--TERMO TÓPICO
Cabeçalho tópico ou nome geográfico ADUBO VERDE
650 ## - ASSUNTO--TERMO TÓPICO
Cabeçalho tópico ou nome geográfico ADUBAÇÃO
773 0# - ENTRADA ANALÍTICA
Título Pesquisa Agropecuária Brasileira (Brazil)
ISSN - International Standard Serial Number ISSN 0100-204X
Partes relacionadas (Apr 2006), v. 41(4) p. 667-672
Número de controle do registro BR0604211
909 ## -
-- 202311
-- Lúcia
-- 55
-- Lúcia Elande
942 ## - ELEMENTOS DE ENTRADA ADICIONADOS (KOHA)
Fonte da classificação ou esquema de arquivamento na estante Classificação AGRIS
Ocultar no OPAC Não
Tipo de material Koha Analítica
Exemplares
Situação do descarte Fonte da classificação ou esquema de arquivamento na estante Situação física Não pode ser emprestado Biblioteca de origem Biblioteca atual Localização na estante Enumeração do periódico / cronologia Total de empréstimos Data de último acesso Número do exemplar Tipo de material Koha Fonte de aquisição
  Classificação AGRIS   Consulta local Biblioteca Nacional de Agricultura - Binagri Biblioteca Nacional de Agricultura - Binagri   (Apr 2006), v. 41(4) p. 667-672   29/11/2023 01 Periódicos Portaria Interministerial nº 164/94

BINAGRI

Telefone: (61)3218-2567/2388/3357/2097 - binagri@agro.gov.br

Ministério da Agricultura e Pecuária , Esplanada dos Ministérios, Bloco D, Anexo B, Brasília/DF, CEP: 70.043-900